00731cam a2200193 a 450000500170000000800410001702000150005804000230007304100080009604400070010408200180011124500680012926001000019730000330029750400420033065000530037265000300042571000820045520160228100324.0010222s2000 it gr 00010 spa d a9253043334 ala cladCO-BoIAVH0 aspa ait04a639.21 bI53i00aIndicadores para el desarrollo sostenible de la captura marina. aRoma : bOrganización de las Naciones Unidas para la Agricultura y la Alimentación, c2000. a68 páginas ; c21 x 15 cm. aIncluye referencias bibliográficas.26aIndustria pesquerax Aspectos socioeconómicos.16aPescax Administración.2 aOrganización de las Naciones Unidas para la Agricultura y la Alimentación